Els Pantalons / (Record no. 14523)
[ view plain ]
| 000 -CABECERA | |
|---|---|
| campo de control de longitud fija | 00856naa a22002417a 4500 |
| 001 - NÚMERO DE CONTROL | |
| campo de control | vtls000017202 |
| 003 - IDENTIFICADOR DEL NÚMERO DE CONTROL | |
| campo de control | ES-BaIT |
| 005 - FECHA Y HORA DE LA ÚLTIMA TRANSACCIÓN | |
| campo de control | 20260416105608.0 |
| 007 - CAMPO FIJO DE DESCRIPCIÓN FÍSICA--INFORMACIÓN GENERAL | |
| campo de control de longitud fija | t| |
| 008 - DATOS DE LONGITUD FIJA--INFORMACIÓN GENERAL | |
| campo de control de longitud fija | 111114s1948 spc|||||| |00| |spa|d |
| 010 ## - NÚMERO DE CONTROL DE LA BIBLIOTECA DEL CONGRESO | |
| Número de control de LC | 17202 |
| 035 ## - NÚMERO DE CONTROL DEL SISTEMA | |
| Número de control de sistema | 0017-20260 |
| -- | ES-BaIT035 |
| 039 #9 - NIVEL DE CONTROL BIBLIOGRÁFICO Y DETALLES DE CODIFICACIÓN [OBSOLETO] | |
| Nivel de reglas en descripción bibliográfica | 201403072224 |
| Nivel de esfuerzo utilizado para asignar no-encabezamientos de materia en puntos de acceso | VLOAD |
| Nivel de esfuerzo utilizado en la asignación de encabezamientos de materia | 201303091920 |
| Nivel de esfuerzo utilizado para asignar clasificación | VLOAD |
| Nivel de esfuerzo utilizado en la asignación de encabezamientos de materia | 201111141503 |
| Nivel de esfuerzo utilizado para asignar clasificación | VLOAD |
| -- | 201110052249 |
| -- | VLOAD |
| 100 1# - ENTRADA PRINCIPAL--NOMBRE DE PERSONA | |
| Nombre de persona | Oller, Narcís, |
| Fechas asociadas al nombre | 1846-1930 |
| 9 (RLIN) | 36839 |
| 245 14 - MENCIÓN DE TÍTULO | |
| Título | Els Pantalons / |
| Mención de responsabilidad, etc. | Narcís Oller |
| 500 ## - NOTA GENERAL | |
| Nota general | Monòleg |
| 500 ## - NOTA GENERAL | |
| Nota general | P1: H1 |
| 773 0# - ENLACE AL DOCUMENTO FUENTE/ENTRADA DE REGISTRO ANFITRIÓN | |
| Encabezamiento principal | Obres completes / Narcís Oller ; [precedides de L'Obra de Narcís Oller, per Manuel de Montoliu i seguides de El Món de Narcís Oller, per Maurici Serrahima] |
| Lugar, editor y fecha de publicación | Barcelona : Selecta, 1948 |
| Parte(s) relacionada(s) | p.[1361]-1367 |
| Número de control del registro | vtls000004012 |
| Número bibliográfico anfitrión | 3302 |
| 790 ## - Identificador-font | |
| w | 0004-01260 |
| 790 ## - Identificador-font | |
| a | 000401260 |
| 917 ## - | |
| -- | FALTA MATÈRIA. Cat. rev |
| 942 ## - ELEMENTOS DE ENTRADA AGREGADA (KOHA) | |
| Tipo de ítem Koha | Article |
No items available.


